000 00803nam a22002177a 4500
005 20241004082426.0
008 241002b |||||||| |||| 00| 0 eng d
020 _a9786210800524
082 _aDFil 303.483 Al62 2024
100 _aAlmarez, David S.,
_dJr.
_962184
245 _aScience, technology, and society /
_cDavid S. Almarez, Jr. and four others.
260 _aMalabon City :
_bMutya Publishing House, Inc.,
_c©2024.
300 _a357 pages :
_billustrations ;
_c25 cm.
500 _aIncludes bibliography.
650 0 _a Science
_xSocial aspects.
_b Science
_962186
700 _aGallinero, Winston B.
_936993
_eauthor.
700 _aTuriano, Arnel A.
_eauthor.
_961982
700 _aOñate, Rafael V.
_eauthor.
_961983
700 _aReyes, Michelle C.
_eauthor.
_961984
942 _2ddc
_cDFIL
999 _c22095
_d22095